South Eastern Kenya University

Library Online Public Access Catalogue


Parasitology research trends (Record no. 8724)

MARC details
000 -LEADER
fixed length control field 02530cam a22003734a 4500
001 - CONTROL NUMBER
control field 15928532
003 - CONTROL NUMBER IDENTIFIER
control field OSt
005 - DATE AND TIME OF LATEST TRANSACTION
control field 20160202122242.0
008 - FIXED-LENGTH DATA ELEMENTS--GENERAL INFORMATION
fixed length control field 090929s2010 nyua b 001 0 eng
010 ## - LIBRARY OF CONGRESS CONTROL NUMBER
LC control number 2009040786
015 ## - NATIONAL BIBLIOGRAPHY NUMBER
Source bnb
National bibliography number GBA9A0029
016 7# - NATIONAL BIBLIOGRAPHIC AGENCY CONTROL NUMBER
Record control number 101516126
Source DNLM
016 7# - NATIONAL BIBLIOGRAPHIC AGENCY CONTROL NUMBER
Record control number 015391804
Source Uk
020 ## - INTERNATIONAL STANDARD BOOK NUMBER
International Standard Book Number 9781607414360 (hardcover)
020 ## - INTERNATIONAL STANDARD BOOK NUMBER
International Standard Book Number 1607414368 (hardcover)
035 ## - SYSTEM CONTROL NUMBER
System control number (OCoLC)ocn444337902
040 ## - CATALOGING SOURCE
Original cataloging agency SEKU
042 ## - AUTHENTICATION CODE
Authentication code pcc
050 00 - LIBRARY OF CONGRESS CALL NUMBER
Classification number RC 119
Item number .P3
245 00 - TITLE STATEMENT
Title Parasitology research trends
Statement of responsibility, etc. Olivier De Bruyn and Stephane Peeters, editors.
260 ## - PUBLICATION, DISTRIBUTION, ETC. (IMPRINT)
Place of publication, distribution, etc. New York :
Name of publisher, distributor, etc. Nova Science Publishers,
Date of publication, distribution, etc. c2010.
300 ## - PHYSICAL DESCRIPTION
Extent xii, 277 p. :
Other physical details ill. (some col.) ;
Dimensions 27 cm.
490 1# - SERIES STATEMENT
Series statement Advances in biology and medicine series
504 ## - BIBLIOGRAPHY, ETC. NOTE
Bibliography, etc Includes bibliographical references and index.
505 0# - FORMATTED CONTENTS NOTE
Formatted contents note The dense granule proteins of Toxoplasma gondii / Corinne Mercier ... [et al.] -- Adhesion of giardia to epithelial cells : structures, molecules and pathogenicity / María Luisa Bazán-Tejeda ... [et al.] -- Babesia gibsoni : trends in application of molecular biology and biotechnology for diagnosis, vaccine development and drug target validation of the parasite / Gabriel Oluga Aboge and Xuenan Xuan -- New insight into the liver stage biology of malaria parasites / Gabriele Pradel and Ann-Kristin Müller -- Multilocus sequence typing (MLST) and its applications in epidemiological studies for parasitic infections / Suradej Siripattanapipong ... [et al.] -- Metabolism of poly-ADP-ribose in trypanosomatids / Guillermo D. Alonso, Salomé C. Vilchez Larrea and Silvia H. Fernández Villamil -- The hepatocellular dysfunction criteria : hepatocyte carbohydrate metabolizing enzymes and Kupffer cell lysosomal enzymes in 2-nitroimidazole effect on amoebic liver abscess (electron microscopic enzyme approach) / Rakesh Sharma -- Parasite control and livestock production in Nigeria / Nicodemus M. Useh -- Climate change : possible impacts on waterborne parasitic infections at northern latitudes / Lucy J. Robertson -- Diagnostic of opportunistic parasites in liver transplantation / Ma. de la Luz Galván-Ramírez, Ana Rosa Rincón Sánchez and Rosa Maria Bernal Redondo.
650 #0 - SUBJECT ADDED ENTRY--TOPICAL TERM
Topical term or geographic name as entry element Parasitic diseases.
650 12 - SUBJECT ADDED ENTRY--TOPICAL TERM
Topical term or geographic name as entry element Parasitic Diseases
General subdivision epidemiology.
650 22 - SUBJECT ADDED ENTRY--TOPICAL TERM
Topical term or geographic name as entry element Parasites
General subdivision parasitology.
650 22 - SUBJECT ADDED ENTRY--TOPICAL TERM
Topical term or geographic name as entry element Parasitic Diseases
General subdivision etiology.
700 1# - ADDED ENTRY--PERSONAL NAME
Personal name Bruyn, Olivier de.
700 1# - ADDED ENTRY--PERSONAL NAME
Personal name Peeters, Stephane.
830 #0 - SERIES ADDED ENTRY--UNIFORM TITLE
Uniform title Advances in biology and medicine series.
942 ## - ADDED ENTRY ELEMENTS (KOHA)
Source of classification or shelving scheme Library of Congress Classification
Koha item type General circulation
Holdings
Withdrawn status Lost status Source of classification or shelving scheme Damaged status Not for loan Home library Current library Date acquired Source of acquisition Total Checkouts Full call number Barcode Date last seen Price effective from Koha item type Public note Shelving location
    Library of Congress Classification     Main Campus Library Main Campus Library 02/02/2016 Donation - Books for Africa   RC 119 .P3 2015/008075 02/02/2016 02/02/2016 General circulation   General Stacks
    Library of Congress Classification     Wote Campus Library Wote Campus Library 08/09/2015 Donation Books for Africa   RC 119 .P3 2015/009750 08/09/2015 08/09/2015 General circulation amk  
Kitui, Kenya.
+254736116989
library@seku.ac.ke